| 000 | 00460cam a2200193 4500 | ||
|---|---|---|---|
| 001 | 1735271 | ||
| 005 | 20180119081949.0 | ||
| 008 | 691027t19691970nyua 001 0 eng | ||
| 010 | _a 74084439 | ||
| 040 |
_aDLC _cDLC _dDLC |
||
| 041 | _aeng | ||
| 080 | _a709 ROO | ||
| 082 | 0 | 0 | _a709 ROO |
| 100 | 1 | _a44 | |
| 101 | _aART | ||
| 245 | 1 | 3 | _aAn illustrated handbook of art history. |
| 906 |
_a7 _bcbc _corignew _du _encip _f19 _gy-gencatlg |
||
| 942 |
_2ddc _cBK |
||
| 999 |
_c40604 _d40604 |
||